000
00245nam a2200097Ia 4500
001
690279
005
20250826161813.0
008
250824s9999 xx 000 0 und d
245
0
_a
Hep O Şarkı
_c
Yakup Kadri Karaosmanoğlu
260
_b
İLETİŞİM
999
_c
690279
_d
690279